00642nam a22001457a 4500008004100000082001900041110000900060245012700069260006900196300001000265942001200275999001300287952009800300952009800398230605b xxu||||| |||| 00| 0 eng d a324.96762bKNC d2006 aBehaving BadlybDeception, Chauvinism and Waste During the Referendum CampaignscKenya National Commission of Human Rights aKenyabKenya National Commission of Human RightscSeptember 2006 a108 p 2ddccBK c349d349 00102ddc4070a001b001d2023-06-05l0o324.96762 KNCp10015500r2023-06-05w2023-06-05yBK 00102ddc4070a001b001d2023-06-05l0o324.96762 KNCp10015501r2023-06-05w2023-06-05yBK